Представление документа в формате MARC21

ПолеНазваниеЗначение
  Тип записи a
  Библиографический уровень m
001 Контрольный номер RU/URAIT/583455
005 Дата корректировки 20260429163558.7
008 Кодируемые данные 260429s2026 RU y f j 000 0 rus u
020 Индекс ISBN __
a ISBN 978-5-534-15499-3
c Цена, тираж 1869.00
040 Источник каталогиз. __
a Служба первич. каталог. ИКО Юрайт
c Служба, преобразующая запись ИКО Юрайт
e Правила каталог. RCR
041 Код языка издания __
a Код языка текста rus
044 Код страны публикации __
a Код страны публикации RU
080 Индекс УДК __
a Индекс УДК 314(075.8)
084 Индекс другой классификации/Индекс ББК __
2 Источник индекса rubbk
a Индекс другой классификации/Индекс ББК 60.7я73
100 Автор __
a Автор Малинина Т. Б.
q Полное имя Малинина Татьяна Борисовна
245 Заглавие __
a Заглавие Демография и социальная статистика
b Продолж. заглавия учебник и практикум для вузов
c Ответственность Т. Б. Малинина.
250 Сведения об издании __
a Основные сведения об издании 2-е изд.
256 Характеристики компьютерного файла __
a Характеристики компьютерного файла Электрон. дан.
260 Выходные данные __
a Место издания Москва
b Издательство Юрайт
c Дата издания 2026
300 Физическое описание __
a Объем 354 с
440 Серия __
a Серия Высшее образование
500 Примечания __
a Примечание URL: https://urait.ru/bcode/583455 (дата обращения: 29.04.2026).
520 Аннотация __
a Аннотация На основе приложений статистического метода рассматриваются предмет, объект, задачи и система показателей, позволяющая измерять социальные, демографические, экономические явления и процессы. Смежные вопросы демографии и социальной статистики, возникающие при анализе естественного и миграционного воспроизводства населения, заставляют особое внимание уделить уровню и качеству жизни, занятости и безработице, непроизводственной сфере, охране окружающей среды, политической и общественной жизни, общественному мнению. Методология расчета статистических показателей социально-демографических явлений и процессов показывается на решении конкретных примеров и практических задач. Для иллюстрации социально-демографических явлений приводятся статистические данные Федеральной службы государственной статистики. Соответствует актуальным требованиям федерального государственного образовательного стандарта высшего образования. Для студентов высших учебных заведений, обучающихся по социально-экономическим направлениям.
538 Прим. о системных особенностях __
a Прим. о системных особенностях Режим доступа: Электронно-библиотечная система Юрайт, для авториз. пользователей
653 Ключевые слова __
a Ключевые слова Специальные социологические дисциплины
653 Ключевые слова __
a Ключевые слова Общественные науки
653 Ключевые слова __
a Ключевые слова Демография
653 Ключевые слова __
a Ключевые слова Социальная статистика
653 Ключевые слова __
a Ключевые слова Демография и статистика населения
653 Ключевые слова __
a Ключевые слова Социальная демография
653 Ключевые слова __
a Ключевые слова Источники демографической информации и наблюдение в демографии
653 Ключевые слова __
a Ключевые слова Математические методы в демографии
653 Ключевые слова __
a Ключевые слова Экономическая демография
653 Ключевые слова __
a Ключевые слова Основы демографии
653 Ключевые слова __
a Ключевые слова Политическая демография
653 Ключевые слова __
a Ключевые слова Практическая демография
653 Ключевые слова __
a Ключевые слова Демография и социальная статистика
653 Ключевые слова __
a Ключевые слова Социально-экономическая статистика и демография
653 Ключевые слова __
a Ключевые слова Социологические исследования как инструмент изучения социальных отношений в экономике и демографии
653 Ключевые слова __
a Ключевые слова Медицинская демография и статистика
653 Ключевые слова __
a Ключевые слова Основы социальной демографии
653 Ключевые слова __
a Ключевые слова Демографическая и миграционная безопасность
653 Ключевые слова __
a Ключевые слова Демографическая и миграционная безопасность России
653 Ключевые слова __
a Ключевые слова Статистика населения
653 Ключевые слова __
a Ключевые слова Мировой демографический процесс
653 Ключевые слова __
a Ключевые слова Бизнес-демография
653 Ключевые слова __
a Ключевые слова Математико-статистические методы в демографии
653 Ключевые слова __
a Ключевые слова Статистика окружающей среды
653 Ключевые слова __
a Ключевые слова Медицинская демография
653 Ключевые слова __
a Ключевые слова Экономика народонаселения и демография
653 Ключевые слова __
a Ключевые слова Основы демографии и теории народонаселения
653 Ключевые слова __
a Ключевые слова Безопасность и демография
653 Ключевые слова __
a Ключевые слова Основы демографии и народонаселения
653 Ключевые слова __
a Ключевые слова Анализ и прогноз демографического развития
653 Ключевые слова __
a Ключевые слова Социальная демография городской среды
653 Ключевые слова __
a Ключевые слова Социально-экономическое поведение семьи и домохозяйств
653 Ключевые слова __
a Ключевые слова Социально-экономические и демографические вопросы развития городов
653 Ключевые слова __
a Ключевые слова Демографические процессы и перспективы развития человеческого потенциала
653 Ключевые слова __
a Ключевые слова Демография и экономика
653 Ключевые слова __
a Ключевые слова Социологическое измерение качества жизни населения
653 Ключевые слова __
a Ключевые слова Демографическая статистика
856 Электронный адрес документа 40
n Местонахождение сервера Юрайт
g Электронная книга
q Тип электронного формата html
h Имя пользователя ЮРАЙТ
v Часы доступа к ресурсу 20271231
2 Способ доступа Показать документ
x Служебное примечание https://urait.ru/book/cover/058C1174-4BE2-4143-B5A7-EAA99B1FF95A
u URL https://urait.ru/bcode/583455
856 Электронный адрес документа 48
q Тип электронного формата cover
u URL https://urait.ru/book/cover/058C1174-4BE2-4143-B5A7-EAA99B1FF95A
911 __
u 0030=https://urait.ru/bcode/583455
911 __
u 073a=9785534154993
u 073d=1869.00
911 __
u 106a=s
911 __
u 900l=
952 Тип литературы __
i Дисциплина Демография
952 Тип литературы __
i Дисциплина Социальная статистика
952 Тип литературы __
i Дисциплина Демография и статистика населения
952 Тип литературы __
i Дисциплина Социальная демография
952 Тип литературы __
i Дисциплина Источники демографической информации и наблюдение в демографии
952 Тип литературы __
i Дисциплина Математические методы в демографии
952 Тип литературы __
i Дисциплина Экономическая демография
952 Тип литературы __
i Дисциплина Основы демографии
952 Тип литературы __
i Дисциплина Политическая демография
952 Тип литературы __
i Дисциплина Практическая демография
952 Тип литературы __
i Дисциплина Демография и социальная статистика
952 Тип литературы __
i Дисциплина Социально-экономическая статистика и демография
952 Тип литературы __
i Дисциплина Социологические исследования как инструмент изучения социальных отношений в экономике и демографии
952 Тип литературы __
i Дисциплина Медицинская демография и статистика
952 Тип литературы __
i Дисциплина Основы социальной демографии
952 Тип литературы __
i Дисциплина Демографическая и миграционная безопасность
952 Тип литературы __
i Дисциплина Демографическая и миграционная безопасность России
952 Тип литературы __
i Дисциплина Статистика населения
952 Тип литературы __
i Дисциплина Мировой демографический процесс
952 Тип литературы __
i Дисциплина Бизнес-демография
952 Тип литературы __
i Дисциплина Математико-статистические методы в демографии
952 Тип литературы __
i Дисциплина Статистика окружающей среды
952 Тип литературы __
i Дисциплина Медицинская демография
952 Тип литературы __
i Дисциплина Экономика народонаселения и демография
952 Тип литературы __
i Дисциплина Основы демографии и теории народонаселения
952 Тип литературы __
i Дисциплина Безопасность и демография
952 Тип литературы __
i Дисциплина Основы демографии и народонаселения
952 Тип литературы __
i Дисциплина Анализ и прогноз демографического развития
952 Тип литературы __
i Дисциплина Социальная демография городской среды
952 Тип литературы __
i Дисциплина Социально-экономическое поведение семьи и домохозяйств
952 Тип литературы __
i Дисциплина Социально-экономические и демографические вопросы развития городов
952 Тип литературы __
i Дисциплина Демографические процессы и перспективы развития человеческого потенциала
952 Тип литературы __
i Дисциплина Демография и экономика
952 Тип литературы __
i Дисциплина Социологическое измерение качества жизни населения
952 Тип литературы __
i Дисциплина Демографическая статистика